| 000 -LEADER |
| fixed length control field |
aam a22 a 4500 |
| 003 - CONTROL NUMBER IDENTIFIER |
| control field |
AKMAL |
| 005 - DATE AND TIME OF LATEST TRANSACTION |
| control field |
20170505134947.0 |
| 008 - FIXED-LENGTH DATA ELEMENTS--GENERAL INFORMATION |
| fixed length control field |
170505s2014 my g 000 0 may d |
| 020 ## - INTERNATIONAL STANDARD BOOK NUMBER |
| International Standard Book Number |
9789670482262 |
| Qualifying information |
paperback |
| Terms of availability |
RM20.00 |
| 040 ## - CATALOGING SOURCE |
| Original cataloging agency |
AKMAL |
| 082 04 - DEWEY DECIMAL CLASSIFICATION NUMBER |
| Classification number |
297.125 SUN |
| Edition number |
23 |
| 090 00 - LOCALLY ASSIGNED LC-TYPE CALL NUMBER (OCLC); LOCAL CALL NUMBER (RLIN) |
| Classification number (OCLC) (R) ; Classification number, CALL (RLIN) (NR) |
297.125 |
| Local cutter number (OCLC) ; Book number/undivided call number, CALL (RLIN) |
SUN |
| 245 00 - TITLE STATEMENT |
| Title |
SUNNAH RASULULLAH DARI KUPASAN HADIS : |
| Remainder of title |
Sunnah Dalam Hadis-Hadis Mengenai Makanan, Minuman, Haiwan, Buruan, Sembelihan Dan Korban / |
| Statement of responsibility, etc. |
Susunan Majlis Tertinggi Urusan Keislaman Mesir |
| 246 13 - VARYING FORM OF TITLE |
| Display text |
Translation of: |
| Title proper/short title |
Al-muntakhabu minassunnah |
| 264 #1 - PRODUCTION, PUBLICATION, DISTRIBUTION, MANUFACTURE, AND COPYRIGHT NOTICE |
| Place of production, publication, distribution, manufacture |
Batu Caves, Selangor : |
| Name of producer, publisher, distributor, manufacturer |
PUSTAKA AL-EHSAN, |
| Date of production, publication, distribution, manufacture, or copyright notice |
[2014?] |
| 300 ## - PHYSICAL DESCRIPTION |
| Extent |
vi, 352 pages ; |
| Dimensions |
23 cm |
| 500 ## - GENERAL NOTE |
| General note |
Contains quotes from the Hadith |
| 600 00 - SUBJECT ADDED ENTRY--PERSONAL NAME |
| Personal name |
Muhammad, |
| Titles and other words associated with a name |
Prophet, |
| Dates associated with a name |
-632 |
| 9 (RLIN) |
1135 |
| 650 10 - SUBJECT ADDED ENTRY--TOPICAL TERM |
| Topical term or geographic name entry element |
Hadith |
| General subdivision |
Criticism, interpretation, etc. |
| 9 (RLIN) |
1782 |
| 650 20 - SUBJECT ADDED ENTRY--TOPICAL TERM |
| Topical term or geographic name entry element |
Sunna |
| 9 (RLIN) |
1760 |
| 650 20 - SUBJECT ADDED ENTRY--TOPICAL TERM |
| Topical term or geographic name entry element |
Islam |
| General subdivision |
Customs and practices |
| 9 (RLIN) |
1330 |
| 710 2# - ADDED ENTRY--CORPORATE NAME |
| Corporate name or jurisdiction name as entry element |
Majlis Tertinggi Urusan Keislaman Mesir, |
| Relator term |
editor. |
| 9 (RLIN) |
1783 |
| 942 ## - ADDED ENTRY ELEMENTS (KOHA) |
| Source of classification or shelving scheme |
|
| Koha item type |
Book |